000 00496nam a2200181Ia 4500
005 20250326123423.0
008 250326s9999 xx 000 0 und d
037 _aTextbook
040 _aFMSL
_beng
_cFMSL
041 _aeng
_2eng
084 _aX:8C P5
_qFMSL
100 _aGuenther D A
_9735105
245 0 _aFinancial reporting and analysis
_cGuenther D A
260 _aBoston
_bBoston, McGraw-Hill
_c2005
300 _a521p
942 _cTB
_hX:8C P5
999 _c1269298
_d1269298